Quizzes
Events
Quiz Creation
Community
Videos
Private Events
Remove Ads
Sign In
Join for FREE
Feedback
Dark Mode
Quiz Categories
Sports
Geography
Music
Movies
Television
Just For Fun
Miscellaneous
History
Literature
Language
Science
Gaming
Entertainment
Religion
Holiday
For Kids
Quiz Lab
Recent
Popular Today
Quiz Kudos Today
Editor Picks
Curator Picks
Quizzes by...
Day
Popularity
Type
Ratings
Length
Year
Community
Subscriptions
Recent Discussions
Orange Saloon
Badges
Playlists
Quests
Create
Leaderboards
Showdown
Live 5
Trivia Bingo
Activity
Puzzle Library
Sporcle Events
Private Events
Virtual Trivia
Globe League
Become a Host
Pub Owners
SporcleCon
Opinionation
Our Games
Videos
Blog
Mobile Apps
Partnerships
Remove Ads and Go Orange
Feedback
Entertainment
Celebrity
Famous
Musical
Broadway
Show
Quote
Comic Books
Anime
Superhero
DC Comics
Marvel
Cartoons
Animation
Entertainment
Celebrity
Famous
Musical
Broadway
Show
Quote
Comic Books
Anime
Superhero
DC Comics
Marvel
Cartoons
Animation
Random Quiz
Search Sporcle
×
Quiz Lab
Quiz Lab
Entertainment
Marvel
Type in answers that appear in a list
Type in answers that appear in a list
Classic
Best Score? Go Orange.
Top 50 Most Powerful Marvel Characters Stats
Can you name the Top 50 most powerful Marvel characters as listed on Comic Vine?
By
sara_wh
12m
50 Questions
2,061 Plays
2,061 Plays
2,061 Plays
Comments
Comments
Give Quiz Kudos
Give Quiz Kudos
-
- Ratings
hide this ad
Replay
Link that replays current quiz
Next Quiz
Link to next quiz in quiz playlist
You Got
0%
They Got
Avg Score
31%
Avg Friend Score
Upgrade to see
Score Distribution
Jump to the score distribution portion of the page
Score
0/50
Timer
12:00
1
Play Today
% Correct
Thor
90.1%
Hulk
88%
Thanos
80.8%
Galactus
77.2%
Odin
69.4%
Silver Surfer
66.3%
Doctor Strange
61.8%
Phoenix Force
58.8%
Doctor Doom
54.5%
Captain Marvel
52.2%
Apocalypse
50.9%
Dormammu
43.1%
Sentry
43.1%
Mephisto
42.1%
Beyonder
41.7%
Death
41.1%
Ego
37.7%
Juggernaut
36.9%
Living Tribunal
36.3%
Eternity
36.3%
One-Above-All
34.9%
Watcher
33.4%
Ghost Rider
31.6%
Franklin Richards
30.3%
Gladiator
24.9%
% Correct
Onslaught
24.6%
Annihilus
24%
Infinity
23.5%
Quasar
22.7%
Celestials
21.9%
Hyperion
21.9%
High Evolutionary
16.7%
Lord Chaos
15.6%
Master Order
15.2%
In-Betweener
15.1%
Stranger
14.3%
Magus
13.1%
Destroyer
11.9%
Mistress Love
10.4%
Master Hate
10.2%
Proteus
10%
Kronos
8.8%
Impossible Man
8.8%
Void
8.2%
Morg
7.4%
Runner
6%
Abraxas
5.9%
Tyrant
5.8%
Terminus
3.5%
Akhenaten
2.8%
Quiz Playlist
Details
Report
Send in Message
Add To Playlist
Classic:
Type in answers that appear in a list
Last Updated: Feb 16, 2017
Quiz Scoreboard
CHALLENGE
Sign Up to Join the Scoreboard
Show All
Scores
Hide
Comments
May contain spoilers
Recently Published
Click the 1999 NBA Draft
by nibperrychub
Sports
2m
Alphabetical 'K' Countries by Flag Minefield
by ylime102
Geography
3m
Pick 6: Fruits
by JohnFran
Miscellaneous
15s
More to Explore
Quiz From the Vault
Featured Blog Post
15 Basketball Trivia Facts You Can Be March Mad About
hide this ad
You Might Also Like...
Tags
Comic Books Quiz
Marvel Quiz
Character
Powerful
Top 50
Today's Top Quizzes in Entertainment
Browse Entertainment
hide this ad
Today's Top Quizzes in Marvel
Browse Marvel
Top Contributed Quizzes in Entertainment
1
Heroes of Olympus Logic Puzzle
2
Marvel, Role-Playing, Shakespeare, and Cats, Oh My!
3
Double Word Hourglass: Comic Book Publishers
4
Picture Click Blitz: Snow White
5
Dragon Ball Z: Goku's Fights in Order
6
The Joker Actors by Order
7
Click the Fictional Jane
8
Click the Fictional John
9
Click the Fictional Jill
10
Criteria Comics (DC vs. Marvel)
Explore More
Trending Topics
Marvel
Disney
Kpop
NBA
Anime
Crossword
Harry Potter
Puzzle
NFL
Soccer
Pokémon
Country
The Office
WWE
Song
hide this ad
More By:
sara_wh
Quiz
Plays
Rating
Category
Featured
Created
Top 50 Most Powerful Marvel Characters
2,061
4.25
Entertainment
Nov 4, 2012
All Game of Thrones Characters Ever! pt 1
1,519
4.40
Literature
Oct 9, 2012
All Game of Thrones Characters Ever! pt 2
1,009
2.83
Literature
Oct 9, 2012
All Game of Thrones Characters Ever! pt 8
898
3.50
Literature
Oct 9, 2012
List all Members of Avengers...Ever!
807
2.71
Entertainment
Nov 5, 2012
Go to Creator's Profile
Score Distribution
Quiz Creator Spotlight
sara_wh
Follow
Send a Message
Quizzes Created
-
Created Quiz Play Count
-
More By This Creator
Popular Quizzes Today
1
Find the US States - No Outlines Minefield
2
Countries of Asia Without Outlines Minefield
3
Pick 6: Fruits
4
Alphabetical 'K' Countries by Flag Minefield
5
The Countries of the World
6
Find the US States
7
Match the Book to the Film X
8
Click the 1999 NBA Draft
More Entertainment Quizzes
Celebrity by Definition
Published
Trending Quizzes
Pick 6: Harry Potter
Pick 6: Mountains
Pick 6: NFL Teams
Pick 6: Movie Franchises
Pick 6: Golfers
Recently Updated
Women's Final Four Teams by Year
bhenderson79
Presidents Quartet II
eogle
Anything But Clue(do)
eogle
Anything But Oceanian Capitals
eogle
Anything But 7
eogle
Anything But Thing
eogle
Word Ladder: February 29
pecheneg
Song Title Questions
pecheneg
Women's NCAA Tournament #1 Seeds
pecheneg
Celebrity Mug Shots
pecheneg
Trending Topics
Disney
NBA
Harry Potter
Marvel
Kpop
Anime
Crossword
Puzzle
Country
WWE
NFL
Soccer
The Office
Song
Pokémon
Your Account Isn't Verified!
In order to create a playlist on Sporcle, you need to verify the email address you used during registration. Go to your
Sporcle Settings
to finish the process.
Report this User
Report this user for behavior that violates our
Community Guidelines
.
Details:
Send Report
Go to the Sporcle.com Mobile Site →
Comments